[Event "URS-HUN m"]
[Site "Moscow RUS"]
[Date "1971.??.??"]
[Round "?"]
[White "Forintos, Gyozo V"]
[Black "Liberzon, Vladimir M"]
[Result "1-0"]
[WhiteElo "2500"]
[BlackElo "2540"]
[PlyCount "131"]
[EventDate "1971.??.??"]
[Source "www.chesslib.no"]
[SourceDate "2004.05.04"]

1. d4 Nf6 2. c4 g6 3. Nc3 Bg7 4. e4 d6 5. Be2 O-O 6. Bg5 h6 7. Be3 c5 8. d5 e6 9. Qd2 exd5 10. exd5 Kh7 11. h3 Na6 12. Bd3 Re8 13. Nf3 Bd7 14. O-O Qe7 15. a3 Qf8 16. Rab1 b6 17. Rfe1 Ng8 18. Bf4 f5 19. Bg3 Nc7 20. Rec1 Nf6 21. Qf4 Ne4 22. Bxe4 fxe4 23. Qxd6 Qxd6 24. Bxd6 exf3 25. Bxc7 fxg2 26. Kxg2 g5 27. Re1 Kg6 28. Rbd1 Bd4 29. Rxe8 Rxe8 30. Nb5 Bxb2 31. Nxa7 Bxa3 32. Nb5 Bb4 33. Nd6 Re7 34. Bxb6 h5 35. Rd3 h4 36. Re3 Rxe3 37. fxe3 g4 38. hxg4 Bxg4 39. Ne4 Bf5 40. Nf2 Bc2 41. d6 Ba4 42. Nd3 Kf7 43. Bxc5 Ba5 44. Bb4 Bd8 45. Nc5 Bc6+ 46. e4 Ke8 47. Be1 Bf6 48. Kh3 Bd4 49. d7+ Bxd7+ 50. Nxd7 Kxd7 51. Kxh4 Kd6 52. Kg3 Be5+ 53. Kg4 Kc5 54. Kf5 Bd4 55. Bh4 Kxc4 56. Bf6 Bc5 57. e5 Kd5 58. Bg7 Kd4 59. e6+ Ke3 60. Ke5 Bb4 61. Kd5 Kd3 62. Bf6 Ba3 63. Bd8 Bb4 64. Bc7 Be7 65. Kc6 Ke4 66. Kd7 1-0

[Event "Frunze"]
[Site "Frunze"]
[Date "1985.??.??"]
[Round "8"]
[White "Agzamov, Georgy"]
[Black "Szekely, Peter"]
[Result "1-0"]
[WhiteElo "2590"]
[BlackElo "2450"]
[PlyCount "79"]
[EventDate "1985.11.??"]
[Source "ChessBase"]

1. d4 Nf6 2. c4 g6 3. Nc3 Bg7 4. e4 d6 5. Be2 O-O 6. Bg5 c5 7. d5 a6 8. a4 Qa5 9. Bd2 e6 10. Nf3 exd5 11. exd5 Bg4 12. O-O Nbd7 13. h3 Bxf3 14. Bxf3 Qc7 15. Re1 Ne8 16. Qc2 Be5 17. Be2 Ng7 18. g4 f5 19. f4 Bd4+ 20. Kg2 fxg4 21. hxg4 Rae8 22. Bf3 Qd8 23. Ne4 Nf6 24. Ng5 Qd7 25. Ne6 Rf7 26. f5 gxf5 27. gxf5 Kh8 28. Bg5 Rg8 29. Kh1 Be5 30. Ra3 Nge8 31. Rg1 h6 32. Bh4 Rxg1+ 33. Kxg1 Ng7 34. Kh1 Qe8 35. Ra1 Nd7 36. Be4 Bf6 37. Qd2 Kh7 38. Rg1 Bxh4 39. f6+ Kg8 40. Qxh6 1-0

[Event "Hoogovens-B"]
[Site "Wijk aan Zee"]
[Date "1991.??.??"]
[Round "2"]
[White "Tukmakov, Vladimir B"]
[Black "Frias, Victor J"]
[Result "1-0"]
[WhiteElo "2520"]
[BlackElo "2520"]
[PlyCount "57"]
[EventDate "1991.01.??"]
[Source "ChessBase"]

1. d4 Nf6 2. c4 g6 3. Nc3 Bg7 4. e4 d6 5. Be2 O-O 6. Bg5 c5 7. dxc5 Qa5 8. Bd2 dxc5 9. e5 Ne8 10. f4 Nc6 11. Nf3 Bg4 12. O-O Rd8 13. h3 Bc8 14. Qe1 Qc7 15. Rd1 b6 16. Nd5 Qb8 17. Bc3 Bf5 18. Qh4 f6 19. Bd3 Qc8 20. Bxf5 gxf5 21. Rfe1 Kh8 22. exf6 exf6 23. Rd2 Rd6 24. Rde2 Nc7 25. Ne7 Nxe7 26. Rxe7 Re6 27. Ng5 Rxe1+ 28. Qxe1 Kg8 29. Rxg7+ 1-0

[Event "Abu Dhabi (14eme open)"]
[Site "?"]
[Date "2005.08.17"]
[Round "4"]
[White "Aleksandrov Aleksej"]
[Black "Annaberdiev Meilis"]
[Result "1-0"]
[WhiteElo "2630"]
[BlackElo "2409"]
[PlyCount "64"]
[EventDate "2005.??.??"]
[Source "www.chesslib.no"]
[SourceDate "2004.05.04"]

1. d4 Nf6 2. c4 g6 3. Nc3 Bg7 4. e4 d6 5. Be2 O-O 6. Bg5 c5 7. d5 a6 8. a4 e6 9. Nf3 exd5 10. exd5 Bg4 11. O-O Re8 12. h3 Bxf3 13. Bxf3 Qb6 14. Qc2 Nbd7 15. b3 h5 16. Ra2 Nh7 17. a5 Qc7 18. Bd2 Re7 19. Bd1 Rae8 20. Qb1 Bd4 21. Qd3 Bf6 22. Kh1 Bg5 23. f4 Bf6 24. f5 Ne5 25. Qc2 Qd8 26. Ne4 Bh8 27. Ng5 Nxg5 28. Bxg5 Qc7 29. f6 Rd7 30. g4 hxg4 31. hxg4 Rdd8 32. Qc3 Nd7 1-0

[Event "Dallas Pinfork op2"]
[Site "Dallas, TX USA"]
[Date "1996.??.??"]
[Round "6"]
[White "Palatnik, Semyon"]
[Black "Hernandez, Gilberto"]
[Result "1/2-1/2"]
[WhiteElo "2480"]
[BlackElo "2555"]
[PlyCount "73"]
[EventDate "1996.??.??"]
[Source "www.chesslib.no"]
[SourceDate "2004.05.04"]

1. d4 Nf6 2. c4 g6 3. Nc3 Bg7 4. e4 d6 5. Be2 O-O 6. Bg5 c5 7. d5 h6 8. Bf4 e6 9. dxe6 Bxe6 10. Bxd6 Re8 11. Nf3 Qb6 12. e5 Nfd7 13. Nb5 Na6 14. O-O Bg4 15. a4 Bxf3 16. Bxf3 Nxe5 17. Bd5 Nb4 18. a5 Qa6 19. Re1 Ned3 20. Rxe8+ Rxe8 21. Nc7 Qxd6 22. Nxe8 Qf4 23. Qf3 Qxf3 24. Bxf3 Be5 25. Be2 Nxb2 26. Bf1 Kf8 27. Re1 Nc6 28. g3 Bc3 29. Re4 f5 30. Re6 Nd4 31. Rxg6 Kxe8 32. a6 bxa6 33. Rxa6 Nf3+ 34. Kg2 Nd2 35. Rxa7 Nxf1 36. Kxf1 Kf8 37. Rd7 1/2-1/2

[Event "Golden Cleopatra op 3rd"]
[Site "Cairo"]
[Date "1999.04.13"]
[Round "3"]
[White "Yakovich, Yuri"]
[Black "El Taher, Fouad"]
[Result "1-0"]
[WhiteElo "2565"]
[BlackElo "2468"]
[PlyCount "53"]
[EventDate "1999.04.11"]
[Source "ChessBase"]
[SourceDate "1999.05.10"]

1. d4 Nf6 2. c4 g6 3. Nc3 Bg7 4. e4 d6 5. Be2 O-O 6. Bg5 c5 7. d5 Qa5 8. Bd2 e6 9. Nf3 exd5 10. exd5 Re8 11. O-O Qd8 12. h3 Na6 13. Bd3 Nc7 14. Qc2 b5 15. b3 Rb8 16. Rab1 Bb7 17. Bf4 b4 18. Ne2 Qd7 19. Ng3 Rbd8 20. Ng5 Ba6 21. N5e4 Nxe4 22. Nxe4 Nxd5 23. cxd5 Bxd3 24. Qxd3 Qf5 25. Bg5 Rxe4 26. Bxd8 Bd4 27. Rbd1 1-0

[Event "Open Acropolis 2008"]
[Site "Atene GRE"]
[Date "2008.08.13"]
[Round "5.3"]
[White "Dzagnidze, Nana"]
[Black "Banikas, Hristos"]
[Result "1/2-1/2"]
[WhiteElo "2458"]
[BlackElo "2572"]
[PlyCount "32"]
[EventDate "2008.08.09"]
[Source "www.chesslib.no"]
[SourceDate "2004.05.04"]

1. d4 Nf6 2. c4 g6 3. Nc3 Bg7 4. e4 d6 5. Be2 O-O 6. Bg5 h6 7. Be3 c5 8. d5 e6 9. dxe6 Bxe6 10. Nf3 Ng4 11. Bf4 Ne5 12. Nxe5 dxe5 13. Be3 b6 14. Qa4 Bd7 15. Qc2 Nc6 16. O-O-O Nd4 1/2-1/2

[Event "Yangon schev"]
[Site "Yangon"]
[Date "1999.02.01"]
[Round "2"]
[White "Nyee Nyee Zaw"]
[Black "Khin Than"]
[Result "0-1"]
[WhiteElo "2487"]
[BlackElo "2541"]
[PlyCount "82"]
[EventDate "1999.01.??"]
[Source "www.chesslib.no"]
[SourceDate "2004.05.04"]

1. d4 Nf6 2. c4 g6 3. Nc3 Bg7 4. e4 d6 5. Be2 O-O 6. Bg5 h6 7. Bh4 c5 8. d5 Qa5 9. Qd2 a6 10. Nf3 b5 11. Bxf6 Bxf6 12. O-O b4 13. Nd1 Bg7 14. Ne1 e5 15. Nc2 Qd8 16. b3 Qh4 17. f3 Qf4 18. Qe1 f5 19. Bd3 Qg5 20. a3 bxa3 21. Rxa3 Nd7 22. Nf2 Qe7 23. b4 cxb4 24. Nxb4 Nc5 25. Nc6 Qe8 26. Bc2 Bd7 27. Na5 Qb8 28. Qc3 Qa7 29. Kh1 Rab8 30. Nd3 Rfc8 31. Nxc5 Qxc5 32. Nc6 Bxc6 33. dxc6 Rxc6 34. exf5 d5 35. Ra4 gxf5 36. Bxf5 e4 37. Qd2 Rf6 38. fxe4 dxe4 39. Qd5+ Qxd5 40. cxd5 Rxf5 41. Re1 Bc3 0-1

[Event "Corr"]
[Site "?"]
[Date "2000.09.25"]
[Round "?"]
[White "Jones Stephen L.(USA)"]
[Black "Chorfi Khalid (MAR)"]
[Result "1-0"]
[WhiteElo "2537"]
[BlackElo "2489"]
[PlyCount "57"]
[EventDate "2000.??.??"]
[Source "www.chesslib.no"]
[SourceDate "2004.05.04"]

1. d4 Nf6 2. c4 g6 3. Nc3 Bg7 4. e4 d6 5. Be2 O-O 6. Bg5 c5 7. d5 h6 8. Bf4 e6 9. dxe6 Bxe6 10. Qd2 Qb6 11. Bxh6 Bxh6 12. Qxh6 Qxb2 13. Rc1 Nc6 14. h4 Ne5 15. Nh3 Bxh3 16. Rxh3 Nfg4 17. Qf4 f5 18. Rb1 Qc2 19. exf5 Rxf5 20. Qe4 Qxe4 21. Nxe4 Rf4 22. f3 b6 23. Rb3 Nh6 24. h5 gxh5 25. Rxh5 Nef7 26. Nc3 Kg7 27. Nd5 Rf5 28. Rh2 Re5 29. g4 1-0

[Event "Leon op"]
[Site "Leon"]
[Date "1997.??.??"]
[Round "9"]
[White "Damljanovic, Branko"]
[Black "Damaso, Rui"]
[Result "1-0"]
[WhiteElo "2540"]
[BlackElo "2485"]
[PlyCount "66"]
[EventDate "1997.08.??"]
[Source "ChessBase"]
[SourceDate "1997.09.26"]

1. d4 Nf6 2. c4 g6 3. Nc3 Bg7 4. e4 O-O 5. Be2 d6 6. Bg5 c5 7. d5 b5 8. cxb5 a6 9. a4 Qa5 10. Bd2 axb5 11. Bxb5 Ba6 12. Nge2 Nbd7 13. O-O Ne5 14. b3 Qb6 15. Qc2 Rfc8 16. Rab1 Bxb5 17. Nxb5 c4 18. b4 Nd3 19. Be3 Qa6 20. Nec3 e6 21. Bd4 e5 22. Be3 Ng4 23. Qe2 f5 24. Bg5 h6 25. Be7 Bf8 26. Bxf8 Rxf8 27. h3 Nf6 28. Nc7 Qb7 29. Nxa8 Qxa8 30. b5 fxe4 31. b6 Nxd5 32. Qxe4 Nxc3 33. Qxc4+ Qd5 1-0

[Event "EU-chT (Men)"]
[Site "Batumi"]
[Date "1999.12.06"]
[Round "8.1"]
[White "Bagirov, Rufat"]
[Black "Damljanovic, Branko"]
[Result "1/2-1/2"]
[WhiteElo "2471"]
[BlackElo "2554"]
[PlyCount "135"]
[EventDate "1999.11.06"]
[Source "ChessBase"]
[SourceDate "2000.02.01"]

1. d4 Nf6 2. c4 g6 3. Nc3 Bg7 4. e4 d6 5. Be2 O-O 6. Bg5 c5 7. dxc5 Qa5 8. Bd2 Qxc5 9. Nf3 Bg4 10. Be3 Qa5 11. O-O Nbd7 12. a3 Rfc8 13. b4 Qd8 14. Qb3 a5 15. Rac1 axb4 16. axb4 Qf8 17. h3 Bxf3 18. Bxf3 Rab8 19. Be2 Bh6 20. f4 e5 21. Qb2 Re8 22. Qd2 exf4 23. Bxf4 Bxf4 24. Rxf4 Qe7 25. Qd4 Qe5 26. Qxe5 Rxe5 27. Rcf1 Re6 28. c5 dxc5 29. Bc4 Rc6 30. Nd5 cxb4 31. Ne7+ Kg7 32. Nxc6 bxc6 33. Bb3 Re8 34. e5 Rxe5 35. Rxb4 Nc5 36. Rbf4 Ncd7 37. Bc4 Re7 38. Rd1 Ne5 39. Ba2 Nh5 40. Ra4 f5 41. Ra5 Nf4 42. Kf2 h5 43. h4 Ng4+ 44. Kf3 Ne2 45. Ra3 c5 46. Rd8 Nd4+ 47. Kg3 Nf6 48. Rda8 f4+ 49. Kxf4 Re4+ 50. Kg3 Nf5+ 51. Kf2 Rxh4 52. Bb1 Nd4 53. Rc8 Rh1 54. Bd3 Rc1 55. Ke3 Nd5+ 56. Kd2 Rg1 57. Be4 Nf6 58. Ba8 Rb1 59. Ra6 Rb2+ 60. Kd3 Ng4 61. Rxc5 Nf5 62. Kc3 Rb1 63. Kc2 Re1 64. Kd2 Re8 65. Bf3 Ne5 66. Rc7+ Kh6 67. Be4 Rd8+ 68. Ke1 1/2-1/2

[Event "Linares"]
[Site "?"]
[Date "1997.??.??"]
[Round "?"]
[White "Lalic, B."]
[Black "Krakops, M."]
[Result "1-0"]
[WhiteElo "2585"]
[BlackElo "2440"]
[PlyCount "77"]
[EventDate "1997.??.??"]
[Source "ChessBase"]
[SourceDate "1996.10.01"]

1. d4 Nf6 2. c4 g6 3. Nc3 Bg7 4. e4 d6 5. Be2 O-O 6. Bg5 c5 7. dxc5 Qa5 8. Bd2 Qxc5 9. Nf3 Bg4 10. Be3 Qa5 11. O-O Nc6 12. a3 Rfc8 13. b4 Qd8 14. Qb3 Nd7 15. Rad1 Nce5 16. Nxe5 Nxe5 17. f3 Be6 18. Nd5 Bxd5 19. Rxd5 Qe8 20. Rfd1 Rc7 21. c5 dxc5 22. Bf4 c4 23. Qa2 f6 24. Bxc4 Kh8 25. Bb5 Qg8 26. Be3 Rcc8 27. Be2 Qf8 28. f4 Nf7 29. Rd7 Nd6 30. Qe6 Re8 31. f5 gxf5 32. exf5 Qg8 33. Bh5 Qxe6 34. fxe6 Rec8 35. Bc5 Ne4 36. Bxe7 Ng5 37. Bg4 h5 38. Bf5 Re8 39. h4 1-0

[Event "Bonn Staudte Memorial"]
[Site "Bonn"]
[Date "1979.08.??"]
[Round "5"]
[White "Gerusel, Mathias"]
[Black "Hort, Vlastimil"]
[Result "0-1"]
[WhiteElo "2425"]
[BlackElo "2600"]
[PlyCount "164"]
[EventDate "1979.??.??"]
[Source "www.chesslib.no"]
[SourceDate "2004.05.04"]

1. d4 Nf6 2. c4 g6 3. Nc3 Bg7 4. e4 d6 5. Be2 O-O 6. Bg5 c5 7. d5 h6 8. Bf4 Re8 9. Nf3 g5 10. Bg3 Nh5 11. Nd2 Nxg3 12. hxg3 e6 13. g4 Nd7 14. f3 Ne5 15. Qc2 a6 16. a4 Bd7 17. O-O Ng6 18. g3 Rb8 19. Kg2 Qf6 20. Rab1 b6 21. Rfd1 Qe7 22. Rh1 Qf8 23. Nf1 Bd4 24. Ra1 Qg7 25. Ra2 Bc8 26. Bd1 Rb7 27. Ne2 Be5 28. Ne3 Bd7 29. Nc3 Qf6 30. Be2 Kg7 31. Qd2 Bd4 32. Nc2 Be5 33. Raa1 Ne7 34. Rh5 Rh8 35. Bd3 Rbb8 36. Ne3 Ng6 37. Nc2 Rbf8 38. Ra2 Qe7 39. Ne3 Qf6 40. Nc2 Rb8 41. Rh1 Rhe8 42. Raa1 Bd4 43. Be2 Ne7 44. Rhd1 Be5 45. Rf1 Ng6 46. Ne3 Bd4 47. Ned1 Rb7 48. Rb1 Kg8 49. Rh1 Ne7 50. Ra1 Qg7 51. Rh5 Kf8 52. Bd3 Ng8 53. Rh2 Nf6 54. Rh1 Ke7 55. Ne2 e5 56. Ne3 Rbb8 57. Nc3 Bxe3 58. Qxe3 Rh8 59. Rh2 h5 60. gxh5 Rxh5 61. Rah1 Rbh8 62. Be2 g4 63. Rxh5 Nxh5 64. Kf2 gxf3 65. Qxf3 Nf6 66. Rxh8 Qxh8 67. Ke1 Ng4 68. Kd1 Qh2 69. Kc2 Qg1 70. Kb3 Nf6 71. Qd3 Qd4 72. Kc2 Bh3 73. b3 Bg2 74. Kb2 Nxe4 75. Qxd4 cxd4 76. Nxe4 Bxe4 77. b4 a5 78. Kb3 f5 79. Bh5 f4 80. gxf4 exf4 81. Be2 Kd8 82. c5 Bxd5+ 0-1

[Event "IBM"]
[Site "Amsterdam"]
[Date "1974.??.??"]
[Round "13"]
[White "Donner, Jan Hein"]
[Black "Ivkov, Borislav"]
[Result "1/2-1/2"]
[WhiteElo "2495"]
[BlackElo "2530"]
[PlyCount "84"]
[EventDate "1974.??.??"]
[Source "ChessBase"]

1. d4 Nf6 2. c4 c5 3. d5 g6 4. Nc3 d6 5. e4 Bg7 6. Be2 O-O 7. Bg5 Qa5 8. Bd2 e6 9. Nf3 exd5 10. cxd5 Re8 11. O-O a6 12. a4 Qc7 13. Qc2 Bg4 14. h3 Bxf3 15. Bxf3 Nbd7 16. a5 c4 17. Ra4 Ne5 18. Be2 Nfd7 19. f4 Nd3 20. Nd1 b5 21. axb6 Nxb6 22. Ra2 Qc5+ 23. Kh1 Rxe4 24. Bxd3 cxd3 25. Qxd3 Rd4 26. Qc3 Rxd2 27. Qxd2 Qc4 28. Qf2 Qxa2 29. Qxb6 Qxd5 30. f5 Qd3 31. Re1 Be5 32. fxg6 hxg6 33. Ne3 Qd2 34. Rb1 a5 35. b3 Rc8 36. Nc4 Qd3 37. Re1 Qg3 38. Qg1 Bd4 39. Qf1 a4 40. Rd1 Be5 41. Nxe5 dxe5 42. bxa4 Rc2 1/2-1/2

[Event "Moscow Tal Memorial"]
[Site "Moscow RUS"]
[Date "1992.??.??"]
[Round "?"]
[White "Yakovich, Yuri"]
[Black "Murey, Jacob I"]
[Result "1-0"]
[WhiteElo "2525"]
[BlackElo "2500"]
[PlyCount "69"]
[EventDate "1992.08.??"]
[Source "www.chesslib.no"]
[SourceDate "2004.05.04"]

1. d4 Nf6 2. c4 g6 3. Nc3 Bg7 4. e4 d6 5. Be2 O-O 6. Bg5 c5 7. d5 h6 8. Bf4 Qb6 9. Qd2 e5 10. dxe6 Bxe6 11. Bxh6 Bxh6 12. Qxh6 Qxb2 13. Rc1 b5 14. cxb5 a6 15. h4 Nh7 16. Nf3 axb5 17. Bd1 Re8 18. h5 Bf5 19. O-O g5 20. exf5 Qxc1 21. f6 Nxf6 22. Qxf6 Nd7 23. Qxd6 Qxc3 24. Qxd7 Rad8 25. Qxb5 g4 26. Nh2 Re1 27. Bxg4 Rd4 28. Qb8+ Kg7 29. h6+ Kxh6 30. Qh8+ Kg6 31. Bh5+ Kf5 32. Bg4+ Kg6 33. Bh5+ Kf5 34. Qh7+ Ke5 35. Nf3+ 1-0

[Event "Reno"]
[Site "?"]
[Date "1995.??.??"]
[Round "?"]
[White "Kaidanov, G."]
[Black "Gufeld, E."]
[Result "0-1"]
[WhiteElo "2585"]
[BlackElo "2440"]
[PlyCount "82"]
[EventDate "1995.??.??"]
[Source "ChessBase"]
[SourceDate "1995.10.01"]

1. d4 Nf6 2. c4 g6 3. Nc3 Bg7 4. e4 O-O 5. Be2 d6 6. Bg5 c5 7. d5 h6 8. Bf4 Qa5 9. Bd2 e6 10. Nf3 exd5 11. exd5 Bf5 12. Nh4 Bd7 13. Qc1 Kh7 14. O-O Qd8 15. g3 Bh3 16. Re1 Nbd7 17. Qc2 Re8 18. Bf1 Bxf1 19. Rxf1 Ne5 20. b3 Qd7 21. Kg2 b5 22. cxb5 Qb7 23. Kg1 c4 24. Be3 Rac8 25. Rad1 cxb3 26. Qxb3 Rc4 27. Bd4 Rec8 28. b6 axb6 29. Nb5 Qd7 30. f4 Neg4 31. Nf3 h5 32. Rfe1 Nh6 33. Ng5+ Kg8 34. Ne6 fxe6 35. dxe6 Qe7 36. Bxf6 Bxf6 37. Nxd6 Rc3 38. Qb1 Rc2 39. Qxb6 R8c6 40. Qb8+ Kh7 41. f5 gxf5 0-1

[Event "Recklinghausen op 13th"]
[Site "Recklinghausen"]
[Date "2002.08.24"]
[Round "8"]
[White "Levin, Felix"]
[Black "Schebler, Gerhard"]
[Result "1/2-1/2"]
[WhiteElo "2524"]
[BlackElo "2500"]
[PlyCount "64"]
[EventDate "2002.08.19"]
[Source "ChessBase"]
[SourceDate "2002.09.11"]

1. d4 Nf6 2. c4 g6 3. Nc3 Bg7 4. e4 d6 5. Be2 O-O 6. Bg5 c5 7. dxc5 dxc5 8. Qxd8 Rxd8 9. e5 Nfd7 10. e6 Bxc3+ 11. bxc3 Nf6 12. exf7+ Kxf7 13. Bf3 Rd6 14. Be3 Nbd7 15. Be2 Ne4 16. Rc1 Ra6 17. Rc2 Ne5 18. f3 Nd6 19. Bxc5 Bf5 20. Bxd6 Rxd6 21. Rb2 Rb6 22. Rb4 Ra6 23. Rb2 Rc8 24. c5 Ra4 25. f4 Rxf4 26. Nf3 Nxf3+ 27. Bxf3 Rxc5 28. O-O Be6 29. Rxb7 Ra5 30. c4 Kf6 31. c5 Rxc5 32. Rxa7 Bd5 1/2-1/2

[Event "Rilton Cup 9899"]
[Site "Stockholm"]
[Date "1999.01.03"]
[Round "6"]
[White "Schandorff, Lars"]
[Black "Nataf, Igor Alexandre"]
[Result "0-1"]
[WhiteElo "2535"]
[BlackElo "2485"]
[PlyCount "74"]
[EventDate "1998.12.??"]
[Source "ChessBase"]
[SourceDate "1999.03.01"]

1. d4 Nf6 2. c4 g6 3. Nc3 Bg7 4. e4 d6 5. Be2 O-O 6. Bg5 c5 7. dxc5 dxc5 8. Qxd8 Rxd8 9. e5 Nfd7 10. e6 Nf6 11. exf7+ Kxf7 12. Nf3 Nc6 13. O-O Bf5 14. Rad1 Nd4 15. Nxd4 cxd4 16. Nb5 Ne4 17. Bc1 a6 18. Na3 Nc5 19. g4 Be6 20. f4 Kg8 21. f5 d3 22. Bf3 gxf5 23. gxf5 Bxf5 24. Bxb7 Be4 25. Bxe4 Nxe4 26. Nb1 Rac8 27. b3 Rc6 28. Be3 Bd4 29. Bxd4 Rg6+ 30. Kh1 Rxd4 31. Nd2 Nxd2 32. Rxd2 e5 33. Re1 e4 34. c5 Kf7 35. a3 Ke6 36. b4 Kd5 37. Re3 Rc4 0-1

[Event "Oberwart Open"]
[Site "Oberwart AUT"]
[Date "1992.??.??"]
[Round "4"]
[White "Agrest, Evgenij"]
[Black "Cvitan, Ognjen"]
[Result "0-1"]
[WhiteElo "2470"]
[BlackElo "2550"]
[PlyCount "68"]
[EventDate "1992.07.??"]
[Source "www.chesslib.no"]
[SourceDate "2004.05.04"]

1. d4 Nf6 2. c4 g6 3. Nc3 Bg7 4. e4 d6 5. Be2 O-O 6. Bg5 c5 7. dxc5 Qa5 8. Bd2 Qxc5 9. Nf3 Qc6 10. Nd4 Qc7 11. Be3 a6 12. O-O e6 13. Rc1 b6 14. f3 Bb7 15. a4 Nbd7 16. Qb3 Rfe8 17. Rfd1 Bf8 18. Qa2 Rac8 19. a5 bxa5 20. Nb3 Qb8 21. Nxa5 Ba8 22. b4 d5 23. cxd5 exd5 24. Bxa6 Rcd8 25. Nb5 dxe4 26. f4 Ng4 27. Bd4 Qxf4 28. g3 Qh6 29. Nb7 Nde5 30. Rc7 Nxh2 31. Kg2 Nhg4 32. Rh1 Qg5 33. Rf1 Rxd4 34. Nxd4 Ne3+ 0-1

[Event "US Open"]
[Site "Pasadena, CA USA"]
[Date "1983.??.??"]
[Round "5"]
[White "Seirawan, Yasser"]
[Black "Youngworth, Perry"]
[Result "1/2-1/2"]
[WhiteElo "2600"]
[BlackElo "2418"]
[PlyCount "134"]
[EventDate "1983.08.07"]
[Source "www.chesslib.no"]
[SourceDate "2004.05.04"]

1. d4 Nf6 2. c4 g6 3. Nc3 Bg7 4. e4 d6 5. Be2 O-O 6. Bg5 c5 7. d5 b5 8. cxb5 a6 9. a4 Qa5 10. Bd2 axb5 11. Bxb5 Ba6 12. Nge2 Bxb5 13. Nxb5 Qb6 14. Nec3 Na6 15. O-O Nb4 16. Bg5 Rfe8 17. Qe2 Ra6 18. Rad1 Qb7 19. b3 Nd7 20. Nb1 Nb6 21. Bd2 Raa8 22. N1a3 Na6 23. Nc4 Nxc4 24. bxc4 Nb4 25. Bc3 Rxa4 26. Bxg7 Kxg7 27. e5 Ra2 28. Qe4 Qb8 29. f4 f5 30. Qe3 Rc2 31. Rfe1 Rxc4 32. exd6 Re4 33. Qc3+ Kg8 34. Rxe4 fxe4 35. Nc7 exd6 36. Nxe8 Qxe8 37. Re1 Qf7 38. Rxe4 Nxd5 39. Qd2 Nf6 40. Ra4 Qb3 41. Ra8+ Kg7 42. Qe1 Qb7 43. Ra1 Ne4 44. Rb1 Qc6 45. Qa5 Qd5 46. Qa1+ Kh6 47. Re1 Qd3 48. Qh8 Qc2 49. Rf1 Qe2 50. Qf8+ Kh5 51. h3 Qe3+ 52. Kh2 Qg3+ 53. Kh1 Nf2+ 54. Rxf2 Qxf2 55. Kh2 Qd2 56. Qf6 Kh6 57. Kg3 Qe1+ 58. Kg4 Qe2+ 59. Kh4 Qe1+ 60. g3 Qe8 61. Qxd6 c4 62. Qf6 c3 63. Qxc3 Qe7+ 64. Kg4 Qe6+ 65. Kh4 Qe7+ 66. Kg4 Qe6+ 67. Kh4 Qe7+ 1/2-1/2

[Event "Budapest FS08 GM"]
[Site "Budapest"]
[Date "1999.08.07"]
[Round "1"]
[White "Lukacs, Peter"]
[Black "Varga, Zoltan"]
[Result "1/2-1/2"]
[WhiteElo "2475"]
[BlackElo "2541"]
[PlyCount "62"]
[EventDate "1999.08.05"]
[Source "ChessBase"]
[SourceDate "1999.09.14"]

1. d4 Nf6 2. c4 g6 3. Nc3 Bg7 4. e4 d6 5. Be2 O-O 6. Bg5 c5 7. d5 h6 8. Bf4 e6 9. dxe6 Bxe6 10. Nf3 Nc6 11. Bxd6 Re8 12. O-O Nd4 13. e5 Nd7 14. Nb5 Nxf3+ 15. Bxf3 Bxc4 16. Nc7 Bxf1 17. Bxb7 Rb8 18. Nxe8 Rxb7 19. Nxg7 Ba6 20. e6 Kxg7 21. Be5+ Kh7 22. exd7 Rxd7 23. Qe1 Bb7 24. Bc3 Qe7 25. Qxe7 Rxe7 26. h3 g5 27. Rd1 c4 28. Rd8 f5 29. Rh8+ Kg6 30. Rg8+ Kh7 31. Rf8 f4 1/2-1/2

[Event "New York Hudson"]
[Site "New York"]
[Date "1993.??.??"]
[Round "9"]
[White "Yermolinsky, Alex"]
[Black "Edelman, Daniel"]
[Result "1-0"]
[WhiteElo "2615"]
[BlackElo "2400"]
[PlyCount "69"]
[EventDate "1993.??.??"]
[Source "ChessBase"]

1. d4 Nf6 2. c4 g6 3. Nc3 Bg7 4. e4 d6 5. Be2 O-O 6. Bg5 c5 7. d5 h6 8. Be3 e6 9. h3 exd5 10. exd5 Re8 11. Nf3 Bf5 12. O-O Ne4 13. Nxe4 Bxe4 14. Qd2 Kh7 15. Rae1 Nd7 16. b3 b5 17. Nh2 bxc4 18. Bxc4 Nb6 19. Bb5 Re7 20. Bc6 Rc8 21. Ng4 f5 22. Bxh6 fxg4 23. Bg5 gxh3 24. Rxe4 Rxe4 25. Bxd8 Rxd8 26. Qd3 hxg2 27. Qxe4 gxf1=Q+ 28. Kxf1 Rf8 29. Qe7 c4 30. bxc4 Rf6 31. Qe4 Rf5 32. a4 a5 33. Bb5 Be5 34. Qe3 Nc8 35. Bd7 1-0

[Event "JUG Ch"]
[Site "Borovo"]
[Date "1981.??.??"]
[Round "7"]
[White "Ivkov, Borislav"]
[Black "Martinovic, Slobodan"]
[Result "1-0"]
[WhiteElo "2540"]
[BlackElo "2475"]
[PlyCount "75"]
[EventDate "1981.03.??"]
[Source "www.chesslib.no"]
[SourceDate "2004.05.04"]

1. d4 Nf6 2. c4 c5 3. d5 d6 4. Nc3 g6 5. e4 Bg7 6. Be2 O-O 7. Bg5 b5 8. cxb5 a6 9. a4 Qa5 10. Bd2 Qb4 11. Qc2 axb5 12. Bxb5 Ba6 13. f3 c4 14. Nge2 Qc5 15. Qc1 Nbd7 16. Be3 Qb4 17. O-O Ne5 18. Nd4 Nd3 19. Nc6 Nxc1 20. Nxb4 Bxb5 21. Rfxc1 Bd7 22. Nb5 Rfc8 23. Na7 Rc7 24. Nac6 Bxc6 25. dxc6 e6 26. Bb6 Rcc8 27. Rxc4 d5 28. exd5 Nxd5 29. Nxd5 exd5 30. Rc2 d4 31. c7 d3 32. Rd2 Be5 33. Rxd3 Bxb2 34. Rad1 Kg7 35. Rd8 Be5 36. Rxc8 Rxc8 37. Rd8 Bxc7 38. Bd4+ 1-0

[Event "NatOp"]
[Site "Las Vegas NatOp"]
[Date "1993.??.??"]
[Round "?"]
[White "Kaidanov, Gregory S"]
[Black "Bronstein, David I"]
[Result "1/2-1/2"]
[WhiteElo "2620"]
[BlackElo "2395"]
[PlyCount "92"]
[EventDate "1993.??.??"]
[Source "www.chesslib.no"]
[SourceDate "2004.05.04"]

1. d4 Nf6 2. c4 g6 3. Nc3 Bg7 4. e4 d6 5. Be2 O-O 6. Bg5 c5 7. d5 h6 8. Bf4 a6 9. a4 Qa5 10. Bd2 e6 11. Nf3 exd5 12. exd5 Qc7 13. O-O Re8 14. h3 Nbd7 15. Bd3 Nf8 16. Qc2 Bd7 17. a5 b6 18. axb6 Qxb6 19. Ra3 Reb8 20. b3 Ne8 21. Qc1 Kh7 22. Kh1 Qd8 23. Ne2 a5 24. Nc3 Rb7 25. Qc2 Nc7 26. Ne4 Ne8 27. Nc3 Nc7 28. Qd1 Ne8 29. Qe2 f5 30. Rfa1 Nf6 31. R1a2 Rba7 32. Ra1 Be8 33. Nd1 N8d7 34. Qe1 Ne4 35. Bxe4 fxe4 36. Qxe4 Ne5 37. Nxe5 Bxe5 38. Ne3 a4 39. bxa4 Bxa4 40. Ng4 Bg7 41. Rg3 Qe8 42. Qf4 Qf8 43. Qxf8 Bxf8 44. Rga3 Ra6 45. Bc1 g5 46. Bb2 Kg6 1/2-1/2

[Event "DSV-Turnier+"]
[Site "Leipzig GER"]
[Date "1977.??.??"]
[Round "4"]
[White "Uhlmann, Wolfgang"]
[Black "Peev, Peicho C"]
[Result "1-0"]
[WhiteElo "2555"]
[BlackElo "2460"]
[PlyCount "99"]
[EventDate "1977.12.01"]
[Source "www.chesslib.no"]
[SourceDate "2004.05.04"]

1. c4 Nf6 2. Nc3 g6 3. e4 d6 4. d4 Bg7 5. Be2 O-O 6. Bg5 c5 7. d5 b5 8. cxb5 a6 9. a4 Qa5 10. Bd2 axb5 11. Nxb5 Qb6 12. Qb1 e6 13. dxe6 Bxe6 14. Nf3 d5 15. exd5 Bf5 16. Qd1 Nxd5 17. O-O Na6 18. Qb3 Ndb4 19. Rac1 Rad8 20. Bc4 Nd3 21. Rb1 Nab4 22. Be3 Nc6 23. Qa3 Ncb4 24. Ne1 Qa5 25. Bxd3 Nxd3 26. Nxd3 Rxd3 27. Qxc5 Qxa4 28. Ra1 Qh4 29. Nc3 Rc8 30. Qb5 Rdd8 31. Rfd1 Re8 32. h3 Rb8 33. Qe2 Qb4 34. Rd2 Bxc3 35. bxc3 Qxc3 36. Rad1 h6 37. Qf3 Qg7 38. Bd4 Qf8 39. Qf4 Kh7 40. Be5 Rbc8 41. Rd6 Qe7 42. R1d5 Be6 43. Bf6 Qc7 44. Rd2 Qc5 45. Bb2 Qf5 46. Qd4 Rg8 47. g4 Qb1+ 48. Kh2 Qa2 49. Qf6 Qc4 50. Rxe6 1-0